| 000 | 00608nam a22002057a 4500 | ||
|---|---|---|---|
| 003 | OSt | ||
| 005 | 20211027025424.0 | ||
| 008 | 170209b xxu||||| |||| 00| 0 eng d | ||
| 020 | _a781734681 | ||
| 040 |
_aMMU _beng _cMMU _dMMU |
||
| 050 | _aRT68 .B68 1998 | ||
| 100 | _aJo Boyer,Mary | ||
| 245 |
_aMath for nurses : _ba pocket guide to dosage calculation and drug preparation / _cMary Jo Boyer |
||
| 250 | _a4th ed. | ||
| 260 |
_aNew York : _bLippincott, _c1998 . |
||
| 300 | _axvi, 255 p. : | ||
| 500 | _aIncludes index. | ||
| 650 | _aMathematics for nurses and instructions | ||
| 942 |
_2lcc _cLOAN LOAN |
||
| 999 |
_c2639 _d2639 |
||